000 00489nam a2200193Ia 4500
003 OSt
005 20220926041222.0
006 a|||||r|||| 00| 0
007 ta
008 220923b |||||||| |||| 00| 0 eng d
037 _cGeneral Book
040 _aRTL
_cRTL
_beng
041 _2eng
_aeng
082 _aY:4, H2
100 _aSorokin Pitrim A
_979469
245 0 _aMan and society in calamity
942 _hY:4, H2
_cGB
_2CC
999 _c666675
_d666675